000 00687cam a22001814a 4500
005 20250605164348.0
008 250528s ||||||||||||||||||||||||d
035 _a24039
040 _aGR-AtMCL
_bgre
_dGR-AtMCL
_eAACR2
245 1 _aAre you Ready to Put Our Trust in Biometric Technology?
260 _bInternational Airport Review,
_c2019
300 _a48
520 _aUnveiling SEGAR's New Framework to Manage 400.000 Drones by 2050, More Passengers Equals More Traffic: Handling Kerbside Congestion, Preventing Cyber-Intrusion and Disruption with Artificial Intelligence.
700 1 _aCastiglioni Roberto
_99368
942 _cCR
999 _c8940
_d8940